000
00215nam a2200097Ia 4500
008
190216s9999||||xx |||||||||||||| ||und||
100
_a
Kainikkara Kumara Pilla
245
0
_a
Ozhukkukal
260
_b
Null
942
_c
BK
999
_c
24741
_d
24741